| 000 | 00752cab a2200217 4500 | ||
|---|---|---|---|
| 001 | ABS55101 | ||
| 008 | 090401t1996 xxu||||| |||| 00| 0 eng d | ||
| 035 | _a(Sirsi) u14205 | ||
| 041 | _aeng | ||
| 100 | _aTaylor, P. | ||
| 245 | _aGetting the right sort of expertise | ||
| 260 | _c1996 | ||
| 350 | _a0 | ||
| 490 |
_aEstates Times _v(1325) 17 May 1996, 6(1) |
||
| 520 | _aExamines role of the arbitrator and the expert. Identifies advantages and disadvantages of making either appointment, as highlighted by the Arbitration Bill. | ||
| 650 | _aARBITRATORS | ||
| 650 | _aINDEPENDENT EXPERT | ||
| 690 | _aMANAGEMENT-DISPUTE AVOIDANCE, MANAGEMENT AND RESOLUTION-DISPUTE MANAGEMENT AND RESOLUTION-ARBITRATION | ||
| 942 | _n0 | ||
| 948 | _c04/03/1997 | ||
| 999 |
_c9227 _d9227 |
||